000 00516nam a2200181Ia 4500
005 20250508152214.0
008 008 250505s9999 xx 000 0 eng d
037 _aTextual
040 _aFEDL
_beng
_cFEDL
041 _aeng
_2eng
084 _a608, CRO
_qFEDL
100 _aCrowther J G
_948692
245 0 _aDiscoveries and inventions of the 20th century
260 _aLondon, UK
_bRoutledge and Kegan Paul
_c1957
300 _axvii,432p.
942 _cTEXL
_h608, CRO
999 _c1334959
_d1334959